| 000 | 00370nam a22001217a 4500 | ||
|---|---|---|---|
| 082 | _a220 PRO | ||
| 100 |
_aTOOBA WAQAR _970659 |
||
| 245 | _aPR-SOF-1846-TREAT PERCEPTION SIMULATION | ||
| 260 |
_aISLAMABAD _bNUST COLLEGE OF EME _c2019 |
||
| 650 |
_aDE-COMP-37 _970660 |
||
| 700 |
_a SUPERVISORS DR SHOAB AHMED KHAN DR QAISER CHAUDRY DR AFSHAN NASEEM _970661 |
||
| 942 | _cCR | ||
| 999 |
_c577587 _d577587 |
||